00644nam a22001697a 4500003000400000005001700004008003800021040002600059245005100085260008200136300002000218710004400238942001300282952007800295952008400373999001700457OSt20201013100116.0201012b 1974 dr 00| 0 eng d aDO-SdBNPbspacBNPHHU00aEstatutos del colegio dominicano de cirujanos. aSanto Domingo :b Colegio Dominicano de Cirujanos,bEisai, F. Reyes,c[1974]. a21 p. c21 cm. 2 a Colegio Dominicano de Cirujanos976858 2ddccLF1 00102ddc708MOaPDbPDcCTd2020-10-12l0r2020-10-12w2020-10-12yLBS1 00102ddc738MOaPDbPDcCTd2020-10-12l0r2020-10-12te. 2w2020-10-12yLBS1 c48867d48867